Statistiques concernant Culture Générale - Série 794

Cliquez ici pour prendre le quiz!

Statistiques générales

  • Ce quiz a été pris 129 fois
  • Le résultat moyen est 6 sur 10

Statistiques - réponses

QuestionRéponse% Correct
Quel liquide les glandes lacrymales sécrètent-elles ?larmes
94%
De quel pays la ville de Reykjavik est-elle la capitale ?Islande
93%
Lors des jeux du cirque à Rome, les gladiateurs saluaient l'empereur d'un : "Morituri te salutant", qui veut dire : "Ceux qui vont mourir te...saluent
89%
Dans le dessin animé "Olive et Tom", dans quel sport Olivier Atton rêve-t-il de devenir un grand champion ?football
84%
Dans la série "Et alors ?", dans quelle grande ville anglaise vivent les personnages ?Londres
77%
En 1721, le roman écrit par Montesquieu et publié anonymement s'intitule "Les Lettres...Persanes
72%
Comment traduit-on en français le titre de l'hymne national américain "The Star-Spangled Banner" ?La bannière étoilée
53%
Quel anglicisme, synonyme de gommage, désigne un soin esthétique consistant à exfolier la peau ?peeling
47%
Sous quel pseudo connaît-on mieux l'acteur Vincent Crochon ?Vincent Cassel
27%
Sous quel nom connaît-on mieux Marie de Rabutin-Chantal, dont on publia les "Lettres" au XVIIIe siècle ?La marquise de Sévigné
13%

Distribution des résultats

Percentile par nombre de réponses

% des personnes avec chaque résultat

Votre développement - résultats

Vous n’avez pas pris ce quiz